000 00482nam a22001937a 4500
003 MPLRDC
005 20220104144701.0
008 210129b ||||| |||| 00| 0 eng d
020 _a7-5348-6349-0
082 _a293.24 SCY
100 _a宋英成著
245 _a八字真决启示录电集
_c
250 _a一版一刷
260 _a
_b中州古籍出版社
_c1998
300 _b
490 _a八字命理丛书
650 _a命书--八字
942 _cBK
_o293.24 SCY
999 _c50924
_d50914